| 000 -LEADER |
| fixed length control field |
00468nam a22001217a 4500 |
| 008 - FIXED-LENGTH DATA ELEMENTS--GENERAL INFORMATION |
| fixed length control field |
160222b xxu||||| |||| 00| 0 eng d |
| 100 ## - MAIN ENTRY--AUTHOR'S NAME |
| Author's Name |
Salm, Karl |
| 245 ## - TITLE STATEMENT |
| Title |
Michel-Handbuch-Katalog "Pfennige" |
| 260 ## - PUBLICATION, DISTRIBUTION, ETC. (IMPRINT) |
| Place of publication, distribution, etc. |
Munich, Germany |
| Name of publisher, distributor, etc. |
Schwaneberger Verlag |
| Date of publication, distribution, etc. |
1977 |
| 650 ## - TOPICAL TERM (Tag) |
| Topical term or geographic name |
Germany | 1875-1877 | Definitive Issues | 19th Century | Production | Errors and Varieties | Color | Collecting -- Guides and Handbooks |
| 700 ## - SECONDARY AUTHOR, EDITOR OR ILLUSTRATOR |
| Personal Name |
Zenker, Gotwin |
| 700 ## - SECONDARY AUTHOR, EDITOR OR ILLUSTRATOR |
| Personal Name |
Huene, Erik Freiherr von |